Normal view
MARC view
- Baloca, Nikki C.
Entry Personal Name
001 - CONTROL NUMBER
- control field: 35475
003 - CONTROL NUMBER IDENTIFIER
- control field: OSt
005 - DATE AND TIME OF LATEST TRANSACTION
- control field: 20190130115217.0
008 - FIXED-LENGTH DATA ELEMENTS
- fixed length control field: 190130|| aca||aabn | a|a d
040 ## - CATALOGING SOURCE
- Original cataloging agency: OSt
- Transcribing agency: OSt
100 ## - HEADING--PERSONAL NAME
- Personal name: Baloca, Nikki C.
670 ## - SOURCE DATA FOUND
- Source citation: Work cat.: (OSt): Baloca, Nikki C., Utilization os social media and the level of grammatical competence of the 3rd year BSED Students in UM Digos College /, October 2018.
